000 00835nam a22002177a 4500
999 _c12630
_d12630
003 AR-CdUCM
008 190409b ||||| |||| 00| 0 spa d
040 _aMUNICIPALIDAD PROVINCIAL DEL CUSCO
_cBIBLIOTECA MUNICIPAL DEL CUSCO
082 _a985.0013 /
_bM41
100 _aMelis, Antonio
_930562
245 _aMariátegui :
_btres estudios /
260 _aLima :
_bBiblioteca Amauta,
_c1971.
300 _a147 páginas ;
_c20 cm.
505 _aContenido: Mariategui primer marxista de América -- Literatura y sociedad en las obras de Jose Carlos Mariategui -- Jose Carlos Mariategui y su aporte al desarrollo de las ideas marxistas en el Perú.
650 _aMarxismo
_924
650 _aAmérica
_91348
700 _aDessau, Adalbert
_930563
700 _aKossok, Manfred
_929784
942 _2ddc
_cLIBROS
945 _aacv
_d2019-04-09